<?xml version="1.0" encoding="UTF-8"?>
<record
    xmlns:xsi="http://www.w3.org/2001/XMLSchema-instance"
    xsi:schemaLocation="http://www.loc.gov/MARC21/slim http://www.loc.gov/standards/marcxml/schema/MARC21slim.xsd"
    xmlns="http://www.loc.gov/MARC21/slim">

  <leader>00544nam a22001937a 4500</leader>
  <controlfield tag="003">OSt</controlfield>
  <controlfield tag="005">20250718120046.0</controlfield>
  <controlfield tag="008">250718b        |||||||| |||| 00| 0 eng d</controlfield>
  <datafield tag="020" ind1=" " ind2=" ">
    <subfield code="a">9781260153132</subfield>
  </datafield>
  <datafield tag="040" ind1=" " ind2=" ">
    <subfield code="c">Chuka university library</subfield>
  </datafield>
  <datafield tag="050" ind1=" " ind2=" ">
    <subfield code="a">HF 5657.4 .G37 2018 C.1</subfield>
  </datafield>
  <datafield tag="100" ind1=" " ind2=" ">
    <subfield code="a">Garrison, H. Ray Noreen, W.Eric Brewer C Peter</subfield>
    <subfield code="9">19630</subfield>
  </datafield>
  <datafield tag="245" ind1=" " ind2=" ">
    <subfield code="a">Managerial Accounting</subfield>
  </datafield>
  <datafield tag="250" ind1=" " ind2=" ">
    <subfield code="a">6Ed</subfield>
  </datafield>
  <datafield tag="260" ind1=" " ind2=" ">
    <subfield code="a">New York</subfield>
    <subfield code="b">Mc Graw Hill Foundation</subfield>
    <subfield code="c">2018</subfield>
  </datafield>
  <datafield tag="300" ind1=" " ind2=" ">
    <subfield code="a">784P</subfield>
  </datafield>
  <datafield tag="650" ind1=" " ind2=" ">
    <subfield code="a">1. Managerial accounting</subfield>
    <subfield code="9">19631</subfield>
  </datafield>
  <datafield tag="942" ind1=" " ind2=" ">
    <subfield code="2">lcc</subfield>
    <subfield code="c">BK</subfield>
    <subfield code="n">0</subfield>
  </datafield>
  <datafield tag="952" ind1=" " ind2=" ">
    <subfield code="0">0</subfield>
    <subfield code="1">0</subfield>
    <subfield code="2">lcc</subfield>
    <subfield code="4">0</subfield>
    <subfield code="7">0</subfield>
    <subfield code="8">LGL</subfield>
    <subfield code="a">CHK</subfield>
    <subfield code="b">CHK</subfield>
    <subfield code="c">GEN</subfield>
    <subfield code="d">2025-07-01</subfield>
    <subfield code="e">Donation From Boooks Of Africa</subfield>
    <subfield code="g">31009.00</subfield>
    <subfield code="l">0</subfield>
    <subfield code="o">HF 5657.4 .G37 2018 C.1</subfield>
    <subfield code="p">26939/2025</subfield>
    <subfield code="r">2025-07-18 12:02:10</subfield>
    <subfield code="t">1</subfield>
    <subfield code="w">2025-07-18</subfield>
    <subfield code="y">BK</subfield>
  </datafield>
  <datafield tag="952" ind1=" " ind2=" ">
    <subfield code="0">0</subfield>
    <subfield code="1">0</subfield>
    <subfield code="2">lcc</subfield>
    <subfield code="4">0</subfield>
    <subfield code="7">0</subfield>
    <subfield code="8">LGL</subfield>
    <subfield code="a">CHK</subfield>
    <subfield code="b">CHK</subfield>
    <subfield code="c">GEN</subfield>
    <subfield code="d">2025-07-01</subfield>
    <subfield code="e">Donation From Boooks Of Africa</subfield>
    <subfield code="g">31009.00</subfield>
    <subfield code="l">0</subfield>
    <subfield code="o">HF 5657.4 .G37 2018 C.2</subfield>
    <subfield code="p">26933/2025</subfield>
    <subfield code="r">2025-07-18 12:03:32</subfield>
    <subfield code="t">2</subfield>
    <subfield code="w">2025-07-18</subfield>
    <subfield code="y">BK</subfield>
  </datafield>
  <datafield tag="952" ind1=" " ind2=" ">
    <subfield code="0">0</subfield>
    <subfield code="1">0</subfield>
    <subfield code="2">lcc</subfield>
    <subfield code="4">0</subfield>
    <subfield code="7">0</subfield>
    <subfield code="8">LGL</subfield>
    <subfield code="a">CHK</subfield>
    <subfield code="b">CHK</subfield>
    <subfield code="c">GEN</subfield>
    <subfield code="d">2025-07-01</subfield>
    <subfield code="e">Donation From Boooks Of Africa</subfield>
    <subfield code="g">31009.00</subfield>
    <subfield code="l">0</subfield>
    <subfield code="o">HF 5657.4 2018 C.3</subfield>
    <subfield code="p">26934/2025</subfield>
    <subfield code="r">2025-07-18 12:04:37</subfield>
    <subfield code="t">3</subfield>
    <subfield code="w">2025-07-18</subfield>
    <subfield code="y">BK</subfield>
  </datafield>
  <datafield tag="952" ind1=" " ind2=" ">
    <subfield code="0">0</subfield>
    <subfield code="1">0</subfield>
    <subfield code="2">lcc</subfield>
    <subfield code="4">0</subfield>
    <subfield code="7">0</subfield>
    <subfield code="8">LGL</subfield>
    <subfield code="a">CHK</subfield>
    <subfield code="b">CHK</subfield>
    <subfield code="c">BSL</subfield>
    <subfield code="d">2025-07-01</subfield>
    <subfield code="e">Donation From Boooks Of Africa</subfield>
    <subfield code="g">31009.00</subfield>
    <subfield code="l">0</subfield>
    <subfield code="o">HF 5657.4 .G37 2018 C.4</subfield>
    <subfield code="p">26936/2025</subfield>
    <subfield code="r">2025-07-18 12:05:50</subfield>
    <subfield code="t">4</subfield>
    <subfield code="w">2025-07-18</subfield>
    <subfield code="y">BK</subfield>
  </datafield>
  <datafield tag="952" ind1=" " ind2=" ">
    <subfield code="0">0</subfield>
    <subfield code="1">0</subfield>
    <subfield code="2">lcc</subfield>
    <subfield code="4">0</subfield>
    <subfield code="7">0</subfield>
    <subfield code="8">LGL</subfield>
    <subfield code="a">CHK</subfield>
    <subfield code="b">CHK</subfield>
    <subfield code="c">BSL</subfield>
    <subfield code="d">2025-07-01</subfield>
    <subfield code="g">31009.00</subfield>
    <subfield code="l">0</subfield>
    <subfield code="o">HF 5657.4 .G37 2018 C.5</subfield>
    <subfield code="p">26938/2025</subfield>
    <subfield code="r">2025-07-18 12:07:05</subfield>
    <subfield code="t">5</subfield>
    <subfield code="w">2025-07-18</subfield>
    <subfield code="y">BK</subfield>
  </datafield>
  <datafield tag="952" ind1=" " ind2=" ">
    <subfield code="0">0</subfield>
    <subfield code="1">0</subfield>
    <subfield code="2">lcc</subfield>
    <subfield code="4">0</subfield>
    <subfield code="7">0</subfield>
    <subfield code="8">LGL</subfield>
    <subfield code="a">CHK</subfield>
    <subfield code="b">CHK</subfield>
    <subfield code="c">BSL</subfield>
    <subfield code="d">2025-07-01</subfield>
    <subfield code="e">Donation From Boooks Of Africa</subfield>
    <subfield code="g">31009.00</subfield>
    <subfield code="l">0</subfield>
    <subfield code="o">HF 5657.4 .G37 2018 C.6</subfield>
    <subfield code="p">26941/2025</subfield>
    <subfield code="r">2025-07-18 12:08:54</subfield>
    <subfield code="t">6</subfield>
    <subfield code="w">2025-07-18</subfield>
    <subfield code="y">BK</subfield>
  </datafield>
  <datafield tag="952" ind1=" " ind2=" ">
    <subfield code="0">0</subfield>
    <subfield code="1">0</subfield>
    <subfield code="2">lcc</subfield>
    <subfield code="4">0</subfield>
    <subfield code="7">0</subfield>
    <subfield code="8">LGL</subfield>
    <subfield code="a">CHK</subfield>
    <subfield code="b">PG</subfield>
    <subfield code="c">GEN</subfield>
    <subfield code="d">2025-07-01</subfield>
    <subfield code="e">Donation From Boooks Of Africa</subfield>
    <subfield code="g">31009.00</subfield>
    <subfield code="l">0</subfield>
    <subfield code="o">HF 5657.4 .G37 2018 C.7</subfield>
    <subfield code="p">26942/2025</subfield>
    <subfield code="r">2025-07-18 12:10:23</subfield>
    <subfield code="t">7</subfield>
    <subfield code="w">2025-07-18</subfield>
    <subfield code="y">BK</subfield>
  </datafield>
  <datafield tag="952" ind1=" " ind2=" ">
    <subfield code="0">0</subfield>
    <subfield code="1">0</subfield>
    <subfield code="2">lcc</subfield>
    <subfield code="4">0</subfield>
    <subfield code="7">0</subfield>
    <subfield code="8">LGL</subfield>
    <subfield code="a">CHK</subfield>
    <subfield code="b">PG</subfield>
    <subfield code="c">GEN</subfield>
    <subfield code="d">2025-07-01</subfield>
    <subfield code="e">Donation From Boooks Of Africa</subfield>
    <subfield code="g">31009.00</subfield>
    <subfield code="l">0</subfield>
    <subfield code="o">HF 5657.4 .G37 2018 C.8</subfield>
    <subfield code="p">26940/2025</subfield>
    <subfield code="r">2025-07-18 12:11:50</subfield>
    <subfield code="t">8</subfield>
    <subfield code="w">2025-07-18</subfield>
    <subfield code="y">BK</subfield>
  </datafield>
  <datafield tag="952" ind1=" " ind2=" ">
    <subfield code="0">0</subfield>
    <subfield code="1">0</subfield>
    <subfield code="2">lcc</subfield>
    <subfield code="4">0</subfield>
    <subfield code="7">0</subfield>
    <subfield code="8">LGL</subfield>
    <subfield code="a">CHK</subfield>
    <subfield code="b">NCC</subfield>
    <subfield code="c">GEN</subfield>
    <subfield code="d">2025-07-01</subfield>
    <subfield code="e">Donation From Boooks Of Africa</subfield>
    <subfield code="g">31009.00</subfield>
    <subfield code="l">0</subfield>
    <subfield code="o">HF 5657.4 .G37 2018 C.9</subfield>
    <subfield code="p">26937/2025</subfield>
    <subfield code="r">2025-07-18 12:12:57</subfield>
    <subfield code="t">9</subfield>
    <subfield code="w">2025-07-18</subfield>
    <subfield code="y">BK</subfield>
  </datafield>
  <datafield tag="952" ind1=" " ind2=" ">
    <subfield code="0">0</subfield>
    <subfield code="1">0</subfield>
    <subfield code="2">lcc</subfield>
    <subfield code="4">0</subfield>
    <subfield code="7">0</subfield>
    <subfield code="8">LGL</subfield>
    <subfield code="a">CHK</subfield>
    <subfield code="b">NCC</subfield>
    <subfield code="c">GEN</subfield>
    <subfield code="d">2025-07-01</subfield>
    <subfield code="e">Donation From Boooks Of Africa</subfield>
    <subfield code="g">31009.00</subfield>
    <subfield code="l">0</subfield>
    <subfield code="o">HF 5657.4 .G37 2018 C.10</subfield>
    <subfield code="p">26935/2025</subfield>
    <subfield code="r">2025-07-18 12:14:04</subfield>
    <subfield code="t">10</subfield>
    <subfield code="w">2025-07-18</subfield>
    <subfield code="y">BK</subfield>
  </datafield>
  <datafield tag="999" ind1=" " ind2=" ">
    <subfield code="c">19464</subfield>
    <subfield code="d">19464</subfield>
  </datafield>
</record>
